| 000 | 01030nam a22002657a 4500 | ||
|---|---|---|---|
| 005 | 20170124102937.0 | ||
| 010 | _aB-068770 | ||
| 020 |
_c350.00 _a8177830074 |
||
| 035 | _aB-068770 | ||
| 037 | _bCen Lib/Ret | ||
| 040 |
_aDPL _bHN |
||
| 082 |
_a823.08 _bवर्माध |
||
| 100 |
_aवर्मा,धनजय _92125 |
||
| 245 |
_a हिंदी कहानी का सफरनामा / _cधनजय वर्मा |
||
| 246 |
_ahindi kahani ka safarnama _bby Dhananjay Varma |
||
| 260 |
_aनई दिल्ली _bप्रवीण प्रकाशन _c2001 |
||
| 270 |
_a1/1079-ई, महरौली _bनई दिल्ली _e110030 |
||
| 300 |
_a328पृष्ठ. _c21सेमी(सजिल्द) |
||
| 650 |
_aहिंदी साहित्य _947062 |
||
| 650 |
_aहिंदी कहानी _947063 |
||
| 650 |
_aHindi literature _947064 |
||
| 650 |
_aHindi Story _943117 |
||
| 700 | _946899 | ||
| 942 |
_2ddc _cHN _h823.08 _mवर्माध |
||
| 999 |
_c112362 _d112362 |
||